000 00694nam a22002537a 4500
003 UA-OsUOA
001 35540
007 ta
008 20051205b un ||||| |||| 00| 0 ukr d
100 _aЗлупко С.М.
090 _a330.8(075.8)
_bЗ-68
942 _cBK
040 _aUA-OsUOA
_bukr
_cUA-OsUOA
_dUA-OsUOA
245 _aІсторія економічної теорії
_bпідручник
300 _a719 с.
955 _a2
041 _aukr
080 _a330.8(075.8)
020 _a966-346-000-8
260 _aК.
_bЗнання
_c2005
250 _n2-ге вид., виправл. і доп.
650 7 _a330 Економіка взагалі
_2UDC
999 _c321902
_d321902